书目信息 |
| 题名: |
塑料配方大全
|
|
| 作者: | 王文广 , 严一丰 主编 | |
| 分册: | ||
| 出版信息: | 北京 化学工业出版社 2009 |
|
| 页数: | 587页 | |
| 开本: | 21cm | |
| 丛书名: | ||
| 单 册: | ||
| 中图分类: | TQ320.4 | |
| 科图分类: | ||
| 主题词: | 塑料制品--配方 , 塑料制品 | |
| 电子资源: | ||
| ISBN: | 978-7-122-03618-6 | |
| 000 | 00840nam0 2200265 45 | |
| 001 | 1033107593 | |
| 005 | 20100407100414.57 | |
| 010 | @a978-7-122-03618-6@dCNY55.00 | |
| 100 | @a20100401d2009 em y0chiy50 ea | |
| 101 | 0 | @achi |
| 102 | @aCN@b110000 | |
| 105 | @ay z 000yy | |
| 106 | @ar | |
| 200 | 1 | @a塑料配方大全@ASu Liao Pei Fang Da Quan@f王文广,严一丰主编@FWang Wen Guang, Yan Yi Feng Zhu Bian |
| 205 | @a2版 | |
| 210 | @a北京@c化学工业出版社@d2009 | |
| 215 | @a587页@d21cm | |
| 330 | @a本书系统介绍了在理论研究和生产实践中开发的各类塑料配方,主要包括改性和制品两类。 | |
| 606 | 0 | @a塑料制品@x配方 |
| 606 | 0 | @a塑料制品 |
| 690 | @aTQ320.4@v4 | |
| 701 | 0 | @a王文广@AWang Wen Guang@c(高级工程师)@4主编 |
| 701 | 0 | @a严一丰@AYan Yi Feng@4主编 |
| 801 | 0 | @aCN@bTANGWEI@c20100407 |
| 905 | @b0588512-16@dTQ320.4@e33=2@f5 | |
| 塑料配方大全/王文广,严一丰主编.-2版.-北京:化学工业出版社,2009 |
| 587页;21cm |
| ISBN 978-7-122-03618-6:CNY55.00 |
| 本书系统介绍了在理论研究和生产实践中开发的各类塑料配方,主要包括改性和制品两类。 |
| ● |
| 相关链接 |
|
|
|
|
正题名:塑料配方大全
索取号:TQ320.4/33=2
 
预约/预借
| 序号 | 登录号 | 条形码 | 馆藏地/架位号 | 状态 | 备注 |
| 1 | 0588512 | 205885121 | 第二样本阅览室/ [索取号:TQ320.4/33=2] | 在馆 | |
| 2 | 0588513 | 205885130 | 第三借阅区/ [索取号:TQ320.4/33=2] | 在馆 | |
| 3 | 0588514 | 205885149 | 第三借阅区/ [索取号:TQ320.4/33=2] | 在馆 | |
| 4 | 0588515 | 205885158 | 第三借阅区/ [索取号:TQ320.4/33=2] | 在馆 | |
| 5 | 0588516 | 205885167 | 第三借阅区/ [索取号:TQ320.4/33=2] | 在馆 |